00411nam a2200169Ia 4500003000400000005001700004008004100021020001400062040000700076041000800083082001700091100002000108245003900128260004300167300001300210650001800223OSt20230530145900.0210423s2001 xx 000 0 und d a195602269 cAL aeng a822.914 KART aKARNAD (Girish) aTughlaq: a play in thirteen scenes aChennaibOxford University Pressc2001 ax,86bPB aEnglish Drama